000 00577nam a22001937a 4500
005 20260306113004.0
010 _aENG-147870
020 _a9789349001862
_c295.00
035 _aEN-131402
037 _bDBAD
082 _aS
_21
100 _aRai. Pranshu
_988070
245 _aThe Courtship/
_cPranshu Rai
250 _a1
260 _aMaharashtra
_bPopular Book Depot
_c2025
270 _a34A/Suyog center;7th floor ;Gultekadi marketyard road;gridher bhawan chowk
_bPune
_e411037
_minfo@vpindia.co.in
_k9168682200
300 _a191p.
_b21cm(pb)
942 _2ddc
_cEN
_hS
_mRAI
999 _c215319
_d215319